000 00540nam a2200193Ia 4500
005 20250326145335.0
008 250326s9999 xx 000 0 und d
037 _aTextbook
040 _aFMSL
_beng
_cFMSL
041 _aeng
_2eng
084 _aX:89A P6
_qFMSL
100 _aMetters R
_9751021
245 0 _aSuccessful service operations management
_cMetters R And Others
260 _aNew Delhi
_bNew Delhi, Cengage
_c2006
365 _b499
650 _aManagement
942 _cTB
_hX:89A P6
999 _c1307239
_d1307239